00402 2200157 4500001002100000005001500021035002000036245006400056100002500120300001200145260003100157082000800188084001400196020002200210990001200232INLIS00000000000264820250805090100 a0010-08250000091 aSukses Berbisnis Ala Rasulullah SAW /cMokh. Syaiful Bakhri0 aMokh. Syaiful Bakhri a132 hlm aJakarta :bErlangga,c2012 a200 a200 MOK s a978-602-241-079-9 a0754893